000 00593nam a22001937a 4500
005 20251108163331.0
008 250721s1994 xx 000 0 ara d
082 1 4 _a131.3/أمر
245 1 0 _aالأمراض النفسية و العصبية /
250 _aط5.، طبعة منقحه و مزيده
264 1 _aبيروت :
_bدار الآفاق الجديده،
_c1994.
300 _a128 ص
490 0 _aالسيكولوجية المبسطة
650 1 7 _aالصحة النفسية
650 1 7 _aالطب النفسي
650 1 7 _aعلم النفس
942 _2ddc
_cBK
999 _c59
_d59